| 000 | 00568nam a2200205 i 4500 | ||
|---|---|---|---|
| 001 | bg | ||
| 100 | 1 | _aSZPOR, Stanisław | |
| 245 | 0 |
_aTechnika wysokich napięć / _cStanisław Szpor, Henryk Dzuerżek, Wojciech Winiarski. |
|
| 250 | _aWyd.3 zm. | ||
| 260 |
_aWarszawa : _bWNT, _c1978. |
||
| 650 | 9 | _aTechnika wysokich napięć | |
| 655 | _aPodręczniki akademickie | ||
| 700 | 1 | _aDZIERŻEK, Henryk | |
| 700 | 1 | _aWINIARSKI, Wojciech | |
| 040 | _cBPK | ||
| 041 | _apol | ||
| 080 | _a621.31(075.8) | ||
| 942 | _cKS | ||
| 008 | s pl f |000 0 pol | ||
| 999 |
_c17897 _d17897 |
||
| 856 |
_uhttp://koha.tu.koszalin.pl/cgi-bin/koha/opac-detail.pl?biblionumber=17897 _yKatalog online BPK |
||